000 01093cam a2200265 i 4500
003 SA-RiAUC
005 20241016095557.0
008 241015s1951 su g 000r0 ara c
040 _aSA-JeALM
_bara
_cSA-RiAUC
_erda
082 0 4 _a258.54
090 _a258.54
_bا ب ن ت
100 1 _aابن تيمية، أحمد بن عبد الحليم بن عبد السلام،
_d661-728 هجري
_eمؤلف.
245 1 2 _aالقواعد النورانية الفقهية /
_cتأليف ابن تيمية ؛ تحقيق محمد حامد الفقي.
264 3 _aالقاهرة :
_bمطبعة السنة المحمدية
_c1951
300 _a294 صفحة ؛
_c24 سم
336 _aنص
_btxt
_2rdacontent
_3كتاب
337 _aبدون وسيط
_bn
_2rdamedia
338 _aمجلد
_bnc
_2rdacarrier
650 7 _aالقواعد الفقهية
_2aucsh
650 7 _aالفقه الحنبلي
_2aucsh
700 1 _aالفقي، محمد حامد،
_d1892-1959
_eمحقق.
942 _2ddc
_cBOOK
_n0
949 _aSA-JeALM
_d241015
_umohamedma123
_n1
999 _c1425
_d1425